MARC

LEADER 00000nam0a2200000 4500
001 367275
005 20231102011951.0
035 |a (RuTPU)RU\TPU\retro\24638 
090 |a 367275 
100 |a 20220305d1980 km y0rusy50 ca 
101 1 |a rus  |c eng 
102 |a RU 
105 |a a z 001zy 
200 1 |a Мартенситные превращения в сплавах на основе меди, серебра и золота  |e пер. с англ.  |f Х. Варлимонт, Л. Дилей 
210 |a Москва  |c Наука  |d 1980 
215 |a 206 с.  |c ил. 
320 |a Библиогр.: с. 189-202 
320 |a Предм. указ.: с. 203-205 
606 1 |a Мартенсит  |2 stltpush  |3 (RuTPU)RU\TPU\subj\41129  |9 60946 
610 1 |a мартенситные превращения 
610 1 |a медные сплавы 
610 1 |a серебряные сплавы 
610 1 |a золотые сплавы 
610 1 |a мартенситная фаза 
610 1 |a кристаллография 
610 1 |a термодинамика 
610 1 |a кинетика 
610 1 |a фазовые превращения 
675 |a 669.11  |v 4 
700 1 |a Варлимонт  |b Х. 
701 1 |a Дилей  |b Л. 
702 1 |a Кардонский  |b В. М.  |4 730 
801 1 |a RU  |b 63413507  |c 20220305 
801 2 |a RU  |b 63413507  |c 20220305  |g RCR 
942 |c BK